00476nam a2200193 a 4500001001300000003000900013005001700022008004100039020002300080082001300103100002100116245001400137260003500151300000900186500003500195505001700230650001400247700002100261nice12345678IN_TiNIC20260116014951.0050524s2001 cama grp 000 0 eng  a0745615 c71500a301bGID aGiddrns, Anthony aSociology aCambridgebPolity Press c2001 a750p aincludes index and biblioraphy2 aNotes, Index aSociology1 aGiddrns, Anthony